Psicoanálisis y género: debates en el foro /

Saved in:
Bibliographic Details
Main Author: Meler, Irene
Corporate Author: UBA. Facultad de Medicina
Other Authors: comp Tajer, Débora comp
Format: Text
Published: Buenos Aires: Lugar
Subjects:
Tags: Add Tag
No Tags, Be the first to tag this record!

MARC

LEADER 00000 a a2200000 04500
001 30224
003
040
020 |a 950-9129-089-0  
090 |a 194500  
100 |a Meler, Irene  
110 |a UBA. Facultad de Medicina  
245 |a Psicoanálisis y género: debates en el foro /  |c Irene Meler  
260 |a Buenos Aires:   |b Lugar  
300 |a 320 p.  
650 |a GENERO  
650 |a PSICOANALISIS  
650 |a SEXUALIDAD  
650 |a PATERNIDAD  
650 |a MATERNIDAD  
650 |a MUJERES  
650 |a HOMBRES  
700 |a comp   |a Tajer, Débora   |a comp  
999 |c 10419  |d 10419